| 000 | 00886aam a2200277 a 4500 | ||
|---|---|---|---|
| 003 | AR-FvUNAJ | ||
| 005 | 20220701123200.0 | ||
| 008 | 130115s2012 ag dj gr 001 0dspa | ||
| 015 | _aAR-2012 | ||
| 020 | _a978-987-03-1955-9 | ||
| 082 | 1 | 4 |
_214 _a336.2 |
| 100 | 1 |
_aZiccardi, Horacio _914384 |
|
| 245 | 1 | 0 |
_aTeoría y técnica impositiva II / _cHoracio Ziccardi |
| 250 | _a8a ed. | ||
| 260 |
_aBuenos Aires : _bLa Ley, _c2011 |
||
| 300 | _a385 p. | ||
| 650 | 0 |
_aDERECHO TRIBUTARIO _96692 _2saij |
|
| 650 | 0 |
_aIMPUESTOS _99682 _2saij |
|
| 930 | 1 |
_lBNA01 _mLIBRO _600931491 _820130115 _f11 _g2462 |
|
| 942 |
_2ddc _cLIBRO |
||
| 956 |
_aLPUCHETA _b00 _c20130115 _lBNA01 _h1336 |
||
| 956 |
_aLPUCHETA _b00 _c20130115 _lBNA01 _h1336 |
||
| 956 |
_aVFRIAS _b20 _c20131212 _lBNA01 _h1346 |
||
| 956 |
_aVFRIAS _b20 _c20131212 _lBNA01 _h1353 |
||
| 980 |
_619226 _a Palazón Marcela _82 _gVirginia Figueroa |
||
| 999 |
_c7618 _d7618 |
||